All the Songs from 'Beauty and the Beast' - Statistics

General Stats
  • This quiz has been taken 13 times
  • The average score is 5 of 23
Answer Stats
Songs % Correct
Gaston
85%
Beauty and the Beast
77%
Belle
77%
Be our Guest
69%
Something There
38%
Human Again
31%
Prologue | The Enchantress
31%
The Mob Song
31%
Home
23%
If I can't Love her
23%
No Matter What
15%
End Duet | Transformation
8%
Gaston (Reprise)
8%
Home (Reprise)
8%
If I Can't Love her (Reprise)
8%
Me
8%
No Matter What (Reprise) | Wolf Chase
8%
Beauty and the Beast (Reprise)
0%
Belle (Repreise)
0%
Entr'Acte | Wolf Chase (Reprise)
0%
How Long Must this Go on
0%
Maison Des Lunes
0%
The Battle
0%
No matching quizzes found
Score Distribution
Percent of People with Each Score
Percentile by Number Answered
Your Score History
You have not taken this quiz